| 000 | 00572nam a22001937a 4500 | ||
|---|---|---|---|
| 005 | 20151105121956.0 | ||
| 010 | _aPUN-7777 | ||
| 020 |
_a9789350179222 _c125.00 |
||
| 035 | _aPN-6895 | ||
| 037 | _aunistar books | ||
| 082 | _2851 | ||
| 100 | _aਕਿਰਨਜੀਤ ਕੋਰ | ||
| 245 | _aਕਿਰਨ ਸੁਪਨੇ ਤੇ ਖ਼ੁਸ਼ਬੋ | ||
| 246 |
_aKiran Supne te Khushboo _bby Kiranjit Kaur |
||
| 250 | _a2012 | ||
| 260 |
_aChandigarh _bUnistar Books |
||
| 300 |
_aPg.136 _b22cmਸਜਿਲਦ |
||
| 942 |
_2ddc _cPN _h851 _kਕਿਰਨ |
||
| 999 |
_c98094 _d98094 |
||